LEADER 00833nam a2200229 i 4500 001 000000239608 003 CaOOAMICUS 005 20150312000000.0 008 150312s2005 it u000 u ita u 013 $a218513 020 $a966-96238-6-3 040 $aSeMil$bita 245 12$aL'Ucraina :$bnatura, costumi, cultura. 260 $a[s.l.] :$bBaltia Druk,$ccopyr. 2005. 300 $a99 p. :$bill. ;$c31 cm. 650 4$aUcraina.$0(OLS)http://semarc/subject/8233 850 $aSeMil 852 $aSeMil$W1$xVenegono$y1$m4Y VI 161$j189954$B189954$CSeMilBibl$Z2$F200785 $81 961 $aOmaggio: Altro 996 $6020$a966-96238-6-3$9(OLS)http://semarc/number/245692 996 $6245$aL'Ucraina :$bnatura, costumi, cultura$9(OLS)http://semarc/title/341214 996 $6260$a[s.l.] :$bBaltia Druk$9(OLS)http://semarc/publisher/54433 LEADER 01009nab a2200205 i 4500 001 000000274954 003 CaOOAMICUS 005 20110322000000.0 008 110322n xx uu u0 0und r 013 $a23931 020 $a978-2-13-058738-5 040 $aSeMil$bita 245 10$aHermann Cohen :$bl'idéalisme critique aux prises avec le matérialisme. - Contiene : Bulletin de philosophie ancienne ; Bulletin de philosophie morale et politique. 500 $aJANVIER-MARS 2011. 700 1 $aBienenstock, Myriam.$0(OLS)http://semarc/name/84129 773 0 $t[2011].$dParis : PUF, copyr. 2011.$w()199389 774 0 $tBulletin de philosophie ancienne.$w()317704 774 0 $tBulletin de philosophie morale et politique.$w()317705 996 $6020$a978-2-13-058738-5$9(OLS)http://semarc/number/267620 996 $6245$aHermann Cohen :$bl'idéalisme critique aux prises avec le matérialisme. - Contiene : Bulletin de philosophie ancienne ; Bulletin de philosophie morale et politique.$9(OLS)http://semarc/title/361234